Applying composite fuels based on coal and finely dispersed wood in heat power engineering; Journal of Physics: Conference Series; Vol. 1128 : Thermophysics and Physical Hydrodynamics

التفاصيل البيبلوغرافية
Parent link:Journal of Physics: Conference Series
Vol. 1128 : Thermophysics and Physical Hydrodynamics.— 2018.— [012064, 5 p.]
المؤلف الرئيسي: Yankovsky S. A. Stanislav Aleksandrovich
مؤلف مشترك: Национальный исследовательский Томский политехнический университет Инженерная школа энергетики Научно-образовательный центр И. Н. Бутакова (НОЦ И. Н. Бутакова)
مؤلفون آخرون: Kuznetsov G. V. Geny Vladimirovich, Zenkov A. V. Andrey Viktorovich
الملخص:Title screen
Results of experimental research of thermal decomposition of composite fuels based on 2B brown coal (Borodinskoe deposit) and wastes of timber industry (finely dispersed wood) are presented. Elemental composition of researched fuels has been defined and technically analyzed. Kinetic constants have been calculated within Arrhenius model of the first order. It has been determined that with an increase of wood concentration up to 50% in composite fuel, its energy characteristics decrease by less than 2%, the maximum temperature of fuel thermal decomposition reduces by 9%, while SOx and NOx yield reduces by 50%, and fly ash – by 75%. An effective composite fuel composition of 50%/50% has been established. Results of performed experimental studies illustrate possible applications of composite fuels based on brown coal and wood at thermal power plants.
اللغة:الإنجليزية
منشور في: 2018
الموضوعات:
الوصول للمادة أونلاين:http://earchive.tpu.ru/handle/11683/57647
https://doi.org/10.1088/1742-6596/1128/1/012064
التنسيق: الكتروني فصل الكتاب
KOHA link:https://koha.lib.tpu.ru/cgi-bin/koha/opac-detail.pl?biblionumber=659335

MARC

LEADER 00000naa0a2200000 4500
001 659335
005 20250826154707.0
035 |a (RuTPU)RU\TPU\network\27876 
090 |a 659335 
100 |a 20190212d2018 k||y0engy50 ba 
101 0 |a eng 
102 |a GB 
135 |a drcn ---uucaa 
181 0 |a i  
182 0 |a b 
200 1 |a Applying composite fuels based on coal and finely dispersed wood in heat power engineering  |f S. A. Yankovsky, G. V. Kuznetsov, A. V. Zenkov 
203 |a Text  |c electronic 
300 |a Title screen 
320 |a [References: 7 tit.] 
330 |a Results of experimental research of thermal decomposition of composite fuels based on 2B brown coal (Borodinskoe deposit) and wastes of timber industry (finely dispersed wood) are presented. Elemental composition of researched fuels has been defined and technically analyzed. Kinetic constants have been calculated within Arrhenius model of the first order. It has been determined that with an increase of wood concentration up to 50% in composite fuel, its energy characteristics decrease by less than 2%, the maximum temperature of fuel thermal decomposition reduces by 9%, while SOx and NOx yield reduces by 50%, and fly ash – by 75%. An effective composite fuel composition of 50%/50% has been established. Results of performed experimental studies illustrate possible applications of composite fuels based on brown coal and wood at thermal power plants. 
461 0 |0 (RuTPU)RU\TPU\network\3526  |t Journal of Physics: Conference Series 
463 |t Vol. 1128 : Thermophysics and Physical Hydrodynamics  |o 3rd All-Russian Scientific Conference with the School for Young Scientists, 10–16 September 2018, Yalta, Crimea  |o [proceedings]  |v [012064, 5 p.]  |d 2018 
610 1 |a электронный ресурс 
610 1 |a труды учёных ТПУ 
610 1 |a композиционное топливо 
610 1 |a уголь 
610 1 |a мелкодисперсная древесина 
610 1 |a теплоэнергетика 
700 1 |a Yankovsky  |b S. A.  |c specialist in the field of power engineering  |c Associate Professor, Researcher of Tomsk Polytechnic University, Candidate of Technical Sciences  |f 1985-  |g Stanislav Aleksandrovich  |3 (RuTPU)RU\TPU\pers\34772  |9 18121 
701 1 |a Kuznetsov  |b G. V.  |c Specialist in the field of heat power energy  |c Professor of Tomsk Polytechnic University, Doctor of Physical and Mathematical Sciences  |f 1949-  |g Geny Vladimirovich  |3 (RuTPU)RU\TPU\pers\31891  |9 15963 
701 1 |a Zenkov  |b A. V.  |c engineer at Tomsk Polytechnic University, assistant  |c specialist in the field of power engineering  |f 1992-  |g Andrey Viktorovich  |3 (RuTPU)RU\TPU\pers\37816 
712 0 2 |a Национальный исследовательский Томский политехнический университет  |b Инженерная школа энергетики  |b Научно-образовательный центр И. Н. Бутакова (НОЦ И. Н. Бутакова)  |3 (RuTPU)RU\TPU\col\23504 
801 2 |a RU  |b 63413507  |c 20200128  |g RCR 
856 4 |u http://earchive.tpu.ru/handle/11683/57647 
856 4 |u https://doi.org/10.1088/1742-6596/1128/1/012064 
942 |c CF